LEADER 01007nam a2200217 i 4500 001 000000346024 003 CaOOAMICUS 005 20210517094724.0 008 210517s1901 it u000 u ita u 013 $a192243 040 $aSeMil$bita 100 1 $aManfredi, Vittorio.$0(OLS)http://semarc/name/76010 245 13$aLa Rivoluzione francese :$bconferenza tenuta nell'aula del municipio di Legnano il 21 aprile 1901 /$cdal prof. Vittorio Manfredi. 260 $aTorino [etc.] :$bDitta G. B. Paravia e Comp.,$c1901. 300 $a42 p. ;$c19 cm 650 4$aRivoluzione francese <1789-1799>.$0(OLS)http://semarc/subject/1257 850 $aSeMil 852 $aSeMil$W1$xVenegono$y1$m5A III 6/13$j226064$B237063$CSeMilBibl$Z2$F237063 $81 996 $6245$aLa Rivoluzione francese :$bconferenza tenuta nell'aula del municipio di Legnano il 21 aprile 1901$9(OLS)http://semarc/title/435222 996 $6260$aTorino [etc.] :$bDitta G. B. Paravia e Comp.$9(OLS)http://semarc/publisher/35214 LEADER 01874nam a2200313 i 4500 001 000000178871 003 CaOOAMICUS 005 20251217145510.0 008 160406s1675 it u000 u lat u 013 $a156446 026 $aa-i- t.im n.6. FiAd (3) 1675 (A) 040 $aSeMil$bita 100 1 $aTatti, Primo Luigi.$0(OLS)http://semarc/name/66405 245 10$aSanctuarium, seu Martyrologium sanctae Novocomensis ecclesiae opus ad augendam Dei, & sanctorum ipsius gloriam fidelissime elaboratum tum ex m.s. codicibus, tum ex probatis auctoribus summa sedulitate Primi Aloysij de Tattis Novocomen. Congregationis. 264 1$aNovocomi :$bApud Io: Baptistam Arzonum Typographum S. Officii,$c1675$e(Comi :$fApud Io: Baptistam Arzonum,$g1675) 300 $a[24], 263, [9] p. ;$c4°. 500 $aSegn.: pg4 ?4 *4 A-2L4 500 $aStemma xilogr. del dedicatario, il vescovo Giovanni Ambrosio Turriano, sul front. 500 $aFront. in cornice a doppio filetto 500 $aIniz., fregi xilogr. 650 4$aComo (Diocesi) - Liturgia.$0(OLS)http://semarc/subject/59252 650 4$aMartirologio - Commenti e studi.$0(OLS)http://semarc/subject/50951 700 1 $aArcioni, Giovanni Battista,$c.$0(OLS)http://semarc/name/66406 710 2 $aDiocesi di Como.$0(OLS)http://semarc/name/1858 850 $aSeMil 852 $aSeMil$W1$xVenegono$y1$m3K IV 78 FA$j129641$B129641$CSeMilBibl$Z2$F144033 $8I 996 $6245$aSanctuarium, seu Martyrologium sanctae Novocomensis ecclesiae opus ad augendam Dei, & sanctorum ipsius gloriam fidelissime elaboratum tum ex m.s. codicibus, tum ex probatis auctoribus summa sedulitate Primi Aloysij de Tattis Novocomen. Congregationis$9(OLS)http://semarc/title/256911 996 $6264$aNovocomi :$bApud Io: Baptistam Arzonum Typographum S. Officii$9(OLS)http://semarc/publisher/49521